000 00705cam a2200229 a 4500
001 000008103
005 20200929154432.0
008 931022s1989 sp 000 1 spa d
020 _a8476580886
040 _aDO-SdBNP
_cFMU
_dDLC
082 _a863.64
_bJ61g
100 1 _aJiménez Lozano, José.
_921662
245 1 3 _aEl grano de maiz rojo /
_cJosé Jiménez Lozano.
260 _aBarcelona :
_bAnthropos,
_c1989.
300 _a172 p. ;
_c20 cm.
490 1 _aÁmbitos Literarios
490 1 _aNarrativa ;
_vno. 26
650 4 _aCuentos españoles
_93194
650 4 _aLiteratura española
_9632
830 0 _aÁmbitos Literarios :
_pNarrativa ;
_vno. 26
_921663
910 _aCatalogación por copia / LC
999 _c7880
_d7880